000 00303nam a22001217a 4500
008 160425b xxu||||| |||| 00| 0 eng d
020 _a9780766850149
020 _a0766850145
041 _aeng
080 _a618.2
245 _aPediatric nursing :
_cNicki L.Potts; Barbara L. Mandleco;
942 _2udc
_cBK
999 _c1569
_d1569